Religion in a secular age; (Record no. 27521)

MARC details
000 -LEADER
fixed length control field 00826nam a22002411 4500
001 - CONTROL NUMBER
control field 3122114
005 - DATE AND TIME OF LATEST TRANSACTION
control field 19681225000000.0
008 - FIXED-LENGTH DATA ELEMENTS--GENERAL INFORMATION
fixed length control field 710311s1968 nyu b 000 0 eng
010 ## - LIBRARY OF CONGRESS CONTROL NUMBER
LC control number 68028156
040 ## - CATALOGING SOURCE
Original cataloging agency DLC
Transcribing agency DLC
Modifying agency DLC
050 00 - LIBRARY OF CONGRESS CALL NUMBER
Classification number BL48
Item number .C64 1968
082 00 - DEWEY DECIMAL CLASSIFICATION NUMBER
Classification number 200/.9/04
100 1# - MAIN ENTRY--PERSONAL NAME
Personal name Cogley, John.
245 10 - TITLE STATEMENT
Title Religion in a secular age;
Remainder of title the search for final meaning.
Statement of responsibility, etc Pref. by Arnold Toynbee.
260 ## - PUBLICATION, DISTRIBUTION, ETC. (IMPRINT)
Place of publication, distribution, etc New York,
Name of publisher, distributor, etc Praeger
Date of publication, distribution, etc [1968]
300 ## - PHYSICAL DESCRIPTION
Extent xxi, 147 p.
Dimensions 24 cm.
350 ## - PRICE (NR) (BK AM CF MU VM SE) [OBSOLETE]
Price $5.95
490 0# - SERIES STATEMENT
Series statement Britannica perspective
504 ## - BIBLIOGRAPHY, ETC. NOTE
Bibliography, etc Bibliographical footnotes.
906 ## - LOCAL DATA ELEMENT F, LDF (RLIN)
a 7
b cbc
c orignew
d u
e ocip
f 19
g y-gencatlg
942 ## - ADDED ENTRY ELEMENTS (KOHA)
Source of classification or shelving scheme Library of Congress Classification
Item type Book
Holdings
Withdrawn status Lost status Source of classification or shelving scheme Damaged status Not for loan Collection code Home library Current library Shelving location Date acquired Total Checkouts Full call number Barcode Date last borrowed Price effective from Koha item type
    Library of Congress Classification     Non-fiction Bishop Okullu Memorial Library (Limuru Campus) Bishop Okullu Memorial Library (Limuru Campus) General Circulation 15/12/2008 3 BL48 .C64 1968 013203 17/09/2015 15/12/2008 Book